| 000 | 00400nam a2200157 a 4500 | ||
|---|---|---|---|
| 001 | 0439 | ||
| 005 | 20140414131928.0 | ||
| 008 | 040110s19uu xx 00 eng d | ||
| 020 | _a0-7853-0087-2 | ||
| 050 |
_aER _bSt6 1993 |
||
| 245 |
_aStories Jesus told : _bmy little book about. |
||
| 260 |
_aU.S.A : _bNew Season's, _c1993. |
||
| 300 | _ap. ; cm. | ||
| 650 | _aBible stories. | ||
| 999 |
_c112105 _d112105 |
||